000 00763nam a22002172 4500
001 0000009482
005 20151217145851.0
008 081031s xx 000 0 eng d
020 _a1412910021 :
_cKES 3160
040 _aKABU
_cKABU
100 1 _aKurpis, Sharon E. Robinson.
_@0000160992
245 1 0 _aTesting and measurement :
_ba user-friendly guide /
_cSharon E. Robinson Kurpis, Mary E. Stafford.
260 _aLondon :
_bSAGE,
_c2006.
300 _axv, 183 p.
650 0 _aEducational tests and measurements
_xStudy and teaching (Higher)
_@0000160993
650 0 _aMensuration
_xStudy and teaching (Higher)
_@0000160994
700 1 _aStafford, Mary E.
_@0000160995
908 _a081031
950 _@1
999 _c3469
_d3469